Contriburion Of SCience (Record no. 602811)

MARC details
000 -LEADER
fixed length control field 00433nam a2200145Ia 4500
008 - FIXED-LENGTH DATA ELEMENTS--GENERAL INFORMATION
fixed length control field 100415s9999 xx 000 0 und d
082 ## - DEWEY DECIMAL CLASSIFICATION NUMBER
Item number 19914
100 ## - MAIN ENTRY--PERSONAL NAME
Personal name Natural History Museum Of Los Angeles Country
245 ## - TITLE STATEMENT
Title Contriburion Of SCience
260 ## - PUBLICATION, DISTRIBUTION, ETC. (IMPRINT)
Place of publication, distribution, etc CALIFORNIA
Date of publication, distribution, etc 1984
Name of publisher, distributor, etc Natural History Museum Of Los Angeles Country
365 ## - TRADE PRICE
Price amount 0
630 ## - SUBJECT ADDED ENTRY--UNIFORM TITLE
Uniform title Contriburion Of SCience
730 ## - ADDED ENTRY--UNIFORM TITLE
Uniform title Contriburion Of SCience
942 ## - ADDED ENTRY ELEMENTS (KOHA)
Koha item type Book
Holdings
Withdrawn status Lost status Damaged status Not for loan Home library Current library Date acquired Cost, normal purchase price Total Checkouts Full call number Barcode Date last seen Price effective from Koha item type
        Bombay Natural History Society Bombay Natural History Society 06/13/2001 0.00   19914 BNHS-19914 04/15/2010 04/15/2010 Book